[Event "ODJM B 2024"]
[Site "Willingen GER"]
[Date "2024.05.19"]
[Round "1"]
[White "Göb, Franziska"]
[Black "Schönherr, Stijn"]
[Result "0-1"]
[Termination "normal"]
[Board "53"]
[WhiteElo "1602"]
[BlackElo "1601"]
[WhiteClock "00:03:21"]
[BlackClock "00:54:44"]
[PlyCount "76"]
[WhiteFideId "16293177"]
[BlackFideId "34611622"]
[EventCountry "GER"]
[EventRounds "9"]
[EventType "swiss"]
[EventDate "2024.05.18"]

1. e4 {[%clk 01:30:59]} e6 {[%clk 01:30:54]} {[%emt 00:00:07]} 2. d4 {[%clk
01:31:25]} {[%emt 00:00:03]} d5 {[%clk 01:31:19]} {[%emt 00:00:06]} 3. Nd2
{[%clk 01:31:51]} {[%emt 00:00:04]} c5 {[%clk 01:31:34]} {[%emt 00:00:15]} 4.
exd5 {[%clk 01:32:15]} {[%emt 00:00:06]} exd5 {[%clk 01:31:59]} {[%emt
00:00:05]} 5. Bb5+ {[%clk 01:32:19]} {[%emt 00:00:26]} Bd7 {[%clk 01:31:58]}
{[%emt 00:00:31]} 6. Bxd7+ {[%clk 01:32:41]} {[%emt 00:00:08]} Qxd7 {[%clk
01:32:21]} {[%emt 00:00:07]} 7. Ne2 {[%clk 01:31:53]} {[%emt 00:01:17]} Nf6
{[%clk 01:32:24]} {[%emt 00:00:27]} 8. O-O {[%clk 01:28:00]} {[%emt 00:04:23]}
Nc6 {[%clk 01:30:07]} {[%emt 00:02:48]} 9. Nf3 {[%clk 01:23:16]} {[%emt
00:05:13]} Bd6 {[%clk 01:26:06]} {[%emt 00:04:32]} 10. h3 {[%clk 01:15:34]}
{[%emt 00:08:12]} O-O {[%clk 01:24:08]} {[%emt 00:02:28]} 11. dxc5 {[%clk
01:03:50]} {[%emt 00:12:14]} Bxc5 {[%clk 01:21:36]} {[%emt 00:03:02]} 12. c3
{[%clk 01:00:18]} {[%emt 00:04:02]} Rad8 {[%clk 01:20:14]} {[%emt 00:01:52]}
13. Ned4 {[%clk 00:54:09]} {[%emt 00:06:38]} Ne4 {[%clk 01:17:33]} {[%emt
00:03:12]} 14. Be3 {[%clk 00:49:07]} {[%emt 00:05:31]} Rfe8 {[%clk 01:16:01]}
{[%emt 00:02:02]} 15. Re1 {[%clk 00:46:15]} {[%emt 00:03:22]} Bxd4 {[%clk
01:09:55]} {[%emt 00:06:37]} 16. Nxd4 {[%clk 00:40:34]} {[%emt 00:06:10]} Nxd4
{[%clk 01:09:16]} {[%emt 00:01:09]} 17. Bxd4 {[%clk 00:39:14]} {[%emt
00:01:50]} f5 {[%clk 01:06:56]} {[%emt 00:02:50]} 18. Bxa7 {[%clk 00:25:21]}
{[%emt 00:14:23]} Re6 {[%clk 01:07:05]} {[%emt 00:00:21]} 19. Bd4 {[%clk
00:23:15]} {[%emt 00:02:36]} Rg6 {[%clk 01:07:26]} {[%emt 00:00:09]} 20. Qd3
{[%clk 00:19:55]} {[%emt 00:03:51]} Rf8 {[%clk 01:06:14]} {[%emt 00:01:41]} 21.
Rad1 {[%clk 00:18:06]} {[%emt 00:02:19]} f4 {[%clk 01:02:26]} {[%emt 00:04:18]}
22. Qf3 {[%clk 00:10:09]} {[%emt 00:08:27]} Ng5 {[%clk 01:01:13]} {[%emt
00:01:43]} 23. Qd3 {[%clk 00:07:54]} {[%emt 00:02:45]} Nxh3+ {[%clk 00:59:15]}
{[%emt 00:02:28]} 24. Kf1 {[%clk 00:06:28]} {[%emt 00:01:56]} f3 {[%clk
00:58:16]} {[%emt 00:01:30]} 25. g3 {[%clk 00:02:58]} {[%emt 00:03:59]} Ng5
{[%clk 00:56:47]} {[%emt 00:01:59]} 26. Kg1 {[%clk 00:03:11]} {[%emt 00:00:16]}
Rh6 {[%clk 00:53:59]} {[%emt 00:03:19]} 27. Qf1 {[%clk 00:01:40]} {[%emt
00:02:01]} Nh3+ {[%clk 00:52:36]} {[%emt 00:01:54]} 28. Kh2 {[%clk 00:01:59]}
{[%emt 00:00:10]} Nf4+ {[%clk 00:52:57]} {[%emt 00:00:09]} 29. Kg1 {[%clk
00:02:17]} {[%emt 00:00:13]} Ne2+ {[%clk 00:52:44]} {[%emt 00:00:43]} 30. Rxe2
{[%clk 00:02:02]} {[%emt 00:00:44]} fxe2 {[%clk 00:53:09]} {[%emt 00:00:05]}
31. Qxe2 {[%clk 00:02:02]} {[%emt 00:00:31]} Qh3 {[%clk 00:53:22]} {[%emt
00:00:16]} 32. f3 {[%clk 00:01:29]} {[%emt 00:01:03]} Qh1+ {[%clk 00:53:44]}
{[%emt 00:00:08]} 33. Kf2 {[%clk 00:01:52]} Rh2+ {[%clk 00:53:44]} 34. Ke3
{[%clk 00:01:52]} Rxe2+ {[%clk 00:53:44]} 35. Kxe2 {[%clk 00:01:52]} Re8+
{[%clk 00:55:00]} {[%emt 00:00:36]} 36. Kd2 {[%emt 00:00:09]} Qxf3 {[%clk
00:54:44]} {[%emt 00:00:44]} 37. Kc2 {[%clk 00:03:21]} Re2+ {[%clk 00:54:44]}
38. Rd2 {[%clk 00:03:21]} Qe4+ {[%clk 00:54:44]} 0-1

[Event "ODJM B 2024"]
[Site "Willingen GER"]
[Date "2024.05.19"]
[Round "1"]
[White "Müller, Maximilian"]
[Black "Golke, Philipp"]
[Result "1/2-1/2"]
[Termination "normal"]
[Board "54"]
[WhiteElo "1583"]
[BlackElo "1709"]
[WhiteClock "00:29:27"]
[BlackClock "00:54:23"]
[PlyCount "86"]
[WhiteFideId "34640282"]
[BlackFideId "34625259"]
[EventCountry "GER"]
[EventRounds "9"]
[EventType "swiss"]
[EventDate "2024.05.18"]

1. e4 {[%clk 01:30:58]} e6 {[%clk 01:30:24]} {[%emt 00:00:37]} 2. d4 {[%clk
01:31:20]} {[%emt 00:00:08]} d5 {[%clk 01:30:50]} {[%emt 00:00:04]} 3. exd5
{[%clk 01:31:44]} {[%emt 00:00:07]} exd5 {[%clk 01:31:15]} {[%emt 00:00:04]} 4.
Nf3 {[%clk 01:32:05]} {[%emt 00:00:09]} Nf6 {[%clk 01:31:40]} {[%emt 00:00:05]}
5. Bd3 {[%clk 01:32:25]} {[%emt 00:00:10]} Bd6 {[%clk 01:32:05]} {[%emt
00:00:05]} 6. c3 {[%clk 01:32:40]} {[%emt 00:00:15]} c6 {[%clk 01:32:18]}
{[%emt 00:00:17]} 7. O-O {[%clk 01:33:00]} {[%emt 00:00:09]} O-O {[%clk
01:32:42]} {[%emt 00:00:07]} 8. Bg5 {[%clk 01:33:24]} {[%emt 00:00:06]} Bg4
{[%clk 01:33:02]} {[%emt 00:00:10]} 9. Nbd2 {[%clk 01:33:35]} {[%emt 00:00:19]}
Qc7 {[%clk 01:33:09]} {[%emt 00:00:23]} 10. Qc2 {[%clk 01:33:28]} {[%emt
00:00:37]} Nbd7 {[%clk 01:32:29]} {[%emt 00:01:11]} 11. Rfe1 {[%clk 01:33:41]}
{[%emt 00:00:16]} Rae8 {[%clk 01:31:46]} {[%emt 00:01:12]} 12. h3 {[%clk
01:32:16]} {[%emt 00:01:55]} Bxf3 {[%clk 01:29:37]} {[%emt 00:02:40]} 13. Nxf3
{[%clk 01:32:00]} {[%emt 00:00:46]} h6 {[%clk 01:27:14]} {[%emt 00:02:53]} 14.
Bxf6 {[%clk 01:30:06]} {[%emt 00:02:24]} Nxf6 {[%clk 01:27:35]} {[%emt
00:00:09]} 15. Nh4 {[%clk 01:18:08]} {[%emt 00:12:28]} Nd7 {[%clk 01:20:09]}
{[%emt 00:07:56]} 16. Nf3 {[%clk 01:08:38]} {[%emt 00:09:59]} b5 {[%clk
01:18:50]} {[%emt 00:01:49]} 17. a4 {[%clk 00:59:43]} {[%emt 00:09:26]} a6
{[%clk 01:15:04]} {[%emt 00:04:16]} 18. a5 {[%clk 00:54:54]} {[%emt 00:05:19]}
Nf6 {[%clk 01:09:00]} {[%emt 00:06:34]} 19. b4 {[%clk 00:52:03]} {[%emt
00:03:20]} Nh5 {[%clk 00:48:30]} {[%emt 00:21:01]} 20. Rxe8 {[%clk 00:34:43]}
{[%emt 00:17:50]} Rxe8 {[%clk 00:48:44]} {[%emt 00:00:17]} 21. Qd2 {[%clk
00:31:48]} {[%emt 00:03:24]} Nf4 {[%clk 00:47:52]} {[%emt 00:01:21]} 22. Bf1
{[%clk 00:31:07]} {[%emt 00:01:11]} Nh5 {[%clk 00:43:34]} {[%emt 00:04:48]} 23.
Re1 {[%clk 00:29:19]} {[%emt 00:02:18]} Rxe1 {[%clk 00:42:59]} {[%emt
00:01:06]} 24. Qxe1 {[%clk 00:29:41]} {[%emt 00:00:08]} Nf6 {[%clk 00:43:23]}
{[%emt 00:00:05]} 25. Bd3 {[%clk 00:28:07]} {[%emt 00:02:04]} Kf8 {[%clk
00:42:18]} {[%emt 00:01:36]} 26. Ne5 {[%clk 00:21:32]} {[%emt 00:07:04]} Qe7
{[%clk 00:38:46]} {[%emt 00:04:02]} 27. Kf1 {[%clk 00:18:50]} {[%emt 00:03:12]}
Bxe5 {[%clk 00:37:58]} {[%emt 00:01:18]} 28. Qxe5 {[%clk 00:18:50]} {[%emt
00:00:30]} Qxe5 {[%clk 00:38:05]} {[%emt 00:00:24]} 29. dxe5 {[%clk 00:19:13]}
{[%emt 00:00:07]} Nd7 {[%clk 00:38:28]} {[%emt 00:00:07]} 30. f4 {[%clk
00:18:42]} {[%emt 00:01:01]} g6 {[%clk 00:38:52]} {[%emt 00:00:06]} 31. Ke2
{[%clk 00:15:51]} {[%emt 00:03:20]} Ke7 {[%emt 00:00:07]} 32. Ke3 {[%clk
00:16:13]} {[%emt 00:00:08]} Ke6 {[%clk 00:38:16]} {[%emt 00:01:30]} 33. g3
{[%clk 00:14:34]} {[%emt 00:02:08]} g5 {[%clk 00:33:20]} {[%emt 00:05:27]} 34.
h4 {[%clk 00:12:33]} {[%emt 00:02:31]} gxf4+ {[%clk 00:31:00]} {[%emt
00:02:49]} 35. gxf4 {[%clk 00:12:53]} {[%emt 00:00:11]} c5 {[%clk 00:28:50]}
{[%emt 00:02:40]} 36. Bc2 {[%clk 00:11:31]} {[%emt 00:01:51]} cxb4 {[%clk
00:28:39]} {[%emt 00:00:42]} 37. cxb4 {[%clk 00:11:49]} {[%emt 00:00:11]} f6
{[%clk 00:28:27]} {[%emt 00:00:42]} 38. exf6 {[%clk 00:10:50]} {[%emt
00:01:29]} Kxf6 {[%clk 00:25:43]} {[%emt 00:03:15]} 39. h5 {[%clk 00:10:15]}
{[%emt 00:01:04]} Ke6 {[%clk 00:25:35]} {[%emt 00:00:37]} 40. Bh7 {[%clk
00:06:14]} {[%emt 00:04:32]} Kd6 {[%clk 00:25:30]} {[%emt 00:00:36]} 41. Bf5
{[%clk 00:02:18]} {[%emt 00:04:25]} Nb8 {[%clk 00:23:47]} {[%emt 00:02:13]} 42.
Bc8 {[%clk 00:29:22]} {[%emt 00:03:26]} Kc7 {[%clk 00:53:58]} {[%emt 00:00:20]}
43. Be6 {[%clk 00:29:27]} {[%emt 00:00:24]} Kd6 {[%clk 00:54:23]} {[%emt
00:00:06]} 1/2-1/2

[Event "ODJM B 2024"]
[Site "Willingen GER"]
[Date "2024.05.19"]
[Round "1"]
[White "Meyer, Henry Paul"]
[Black "Rabus, Johann"]
[Result "1-0"]
[Termination "normal"]
[Board "55"]
[WhiteElo "1718"]
[BlackElo "1597"]
[WhiteClock "00:54:15"]
[BlackClock "01:17:29"]
[PlyCount "43"]
[WhiteFideId "34645802"]
[BlackFideId "34602950"]
[EventCountry "GER"]
[EventRounds "9"]
[EventType "swiss"]
[EventDate "2024.05.18"]

1. d4 {[%clk 01:30:56]} {[%emt 00:00:03]} Nf6 {[%clk 01:30:49]} {[%emt
00:00:12]} 2. c4 {[%clk 01:31:19]} {[%emt 00:00:07]} c5 {[%clk 01:31:13]}
{[%emt 00:00:06]} 3. d5 {[%clk 01:31:25]} {[%emt 00:00:23]} b5 {[%clk
01:31:38]} {[%emt 00:00:06]} 4. cxb5 {[%clk 01:31:26]} {[%emt 00:00:28]} a6
{[%clk 01:32:00]} {[%emt 00:00:09]} 5. bxa6 {[%clk 01:31:46]} {[%emt 00:00:10]}
Bxa6 {[%clk 01:32:25]} {[%emt 00:00:06]} 6. Nc3 {[%clk 01:31:49]} {[%emt
00:00:26]} d6 {[%clk 01:32:25]} {[%emt 00:00:31]} 7. Nf3 {[%clk 01:31:40]}
{[%emt 00:00:38]} Nbd7 {[%clk 01:32:08]} {[%emt 00:00:47]} 8. e4 {[%clk
01:31:35]} {[%emt 00:00:34]} Bxf1 {[%clk 01:32:30]} {[%emt 00:00:09]} 9. Kxf1
{[%clk 01:31:58]} {[%emt 00:00:07]} g6 {[%clk 01:32:15]} {[%emt 00:00:46]} 10.
g3 {[%clk 01:31:12]} {[%emt 00:01:14]} Bg7 {[%clk 01:32:33]} {[%emt 00:00:13]}
11. Kg2 {[%clk 01:31:19]} {[%emt 00:00:22]} O-O {[%clk 01:32:56]} {[%emt
00:00:09]} 12. Qc2 {[%clk 01:25:00]} {[%emt 00:06:48]} Ng4 {[%clk 01:30:34]}
{[%emt 00:02:52]} 13. h3 {[%clk 01:21:47]} {[%emt 00:03:43]} Nge5 {[%clk
01:30:46]} {[%emt 00:00:19]} 14. Nxe5 {[%clk 01:20:52]} {[%emt 00:01:24]} Nxe5
{[%clk 01:31:02]} {[%emt 00:00:14]} 15. f4 {[%clk 01:15:26]} {[%emt 00:05:56]}
Nc4 {[%clk 01:26:56]} {[%emt 00:04:37]} 16. Qd3 {[%clk 01:11:43]} {[%emt
00:04:08]} Nb6 {[%clk 01:23:14]} {[%emt 00:04:16]} 17. Be3 {[%clk 01:04:25]}
{[%emt 00:07:48]} Na4 {[%clk 01:22:36]} {[%emt 00:01:09]} 18. Rhb1 {[%clk
01:03:00]} {[%emt 00:01:52]} Qb6 {[%clk 01:17:45]} {[%emt 00:05:24]} 19. Qc2
{[%clk 00:58:18]} {[%emt 00:05:09]} Rfb8 {[%clk 01:17:08]} {[%emt 00:01:09]}
20. Nxa4 {[%clk 00:57:28]} {[%emt 00:01:20]} Rxa4 {[%clk 01:17:10]} {[%emt
00:00:28]} 21. Qxa4 {[%clk 00:57:36]} {[%emt 00:00:22]} Bxb2 {[%clk 01:17:29]}
{[%emt 00:00:11]} 22. a3 {[%clk 00:54:15]} {[%emt 00:03:49]} 1-0

[Event "ODJM B 2024"]
[Site "Willingen GER"]
[Date "2024.05.19"]
[Round "1"]
[White "Klockhaus, Daniel"]
[Black "Borgmann, Simon"]
[Result "1/2-1/2"]
[Termination "normal"]
[Board "56"]
[WhiteElo "1650"]
[BlackElo "1683"]
[WhiteClock "00:39:03"]
[BlackClock "00:16:47"]
[PlyCount "40"]
[WhiteFideId "16299132"]
[BlackFideId "16234677"]
[EventCountry "GER"]
[EventRounds "9"]
[EventType "swiss"]
[EventDate "2024.05.18"]

1. c4 {[%clk 01:30:56]} {[%emt 00:00:03]} Nf6 {[%clk 01:30:30]} {[%emt
00:00:31]} 2. g3 {[%clk 01:31:04]} {[%emt 00:00:22]} d5 {[%clk 01:26:31]}
{[%emt 00:04:29]} 3. cxd5 {[%clk 01:31:25]} {[%emt 00:00:09]} Nxd5 {[%clk
01:26:55]} {[%emt 00:00:06]} 4. Bg2 {[%clk 01:31:51]} {[%emt 00:00:03]} c6
{[%clk 01:19:40]} {[%emt 00:07:46]} 5. Nc3 {[%clk 01:30:08]} {[%emt 00:02:13]}
e6 {[%clk 01:10:41]} {[%emt 00:09:29]} 6. Nf3 {[%clk 01:26:52]} {[%emt
00:03:45]} Bd6 {[%clk 01:05:24]} {[%emt 00:05:48]} 7. O-O {[%clk 01:23:36]}
{[%emt 00:03:45]} O-O {[%clk 01:05:39]} {[%emt 00:00:16]} 8. d4 {[%clk
01:20:01]} {[%emt 00:04:05]} Nd7 {[%clk 01:02:11]} {[%emt 00:03:58]} 9. e4
{[%clk 01:12:51]} {[%emt 00:07:40]} Nxc3 {[%clk 01:00:08]} {[%emt 00:02:34]}
10. bxc3 {[%clk 01:13:13]} {[%emt 00:00:07]} Nb6 {[%clk 00:53:38]} {[%emt
00:07:00]} 11. Rb1 {[%clk 01:11:06]} {[%emt 00:02:35]} Nc4 {[%clk 00:51:37]}
{[%emt 00:02:33]} 12. Qe2 {[%clk 01:04:24]} {[%emt 00:07:11]} b5 {[%clk
00:51:22]} {[%emt 00:00:46]} 13. Nd2 {[%clk 01:01:09]} {[%emt 00:03:44]} Nxd2
{[%clk 00:49:44]} {[%emt 00:02:09]} 14. Bxd2 {[%clk 01:00:55]} {[%emt
00:00:43]} Qc7 {[%clk 00:38:04]} {[%emt 00:12:11]} 15. c4 {[%clk 00:58:32]}
{[%emt 00:02:53]} a6 {[%clk 00:33:42]} {[%emt 00:04:53]} 16. Rfc1 {[%clk
00:54:27]} {[%emt 00:04:33]} Ba3 {[%clk 00:27:49]} {[%emt 00:06:23]} 17. Rc2
{[%clk 00:53:36]} {[%emt 00:01:21]} Qd7 {[%clk 00:24:35]} {[%emt 00:03:44]} 18.
cxb5 {[%clk 00:47:49]} {[%emt 00:06:17]} cxb5 {[%clk 00:22:24]} {[%emt
00:02:42]} 19. Qd3 {[%clk 00:43:19]} {[%emt 00:04:59]} Qe7 {[%clk 00:19:45]}
{[%emt 00:03:09]} 20. Rb3 {[%clk 00:39:03]} {[%emt 00:04:46]} b4 {[%clk
00:16:47]} {[%emt 00:03:29]} 1/2-1/2

[Event "ODJM B 2024"]
[Site "Willingen GER"]
[Date "2024.05.19"]
[Round "1"]
[White "Haidekker, Kilian"]
[Black "Päpke, Aaron"]
[Result "1/2-1/2"]
[Termination "normal"]
[Board "57"]
[WhiteElo "1690"]
[BlackElo "1322"]
[WhiteClock "00:03:09"]
[BlackClock "01:15:35"]
[PlyCount "60"]
[WhiteFideId "34621741"]
[BlackFideId "34684930"]
[EventCountry "GER"]
[EventRounds "9"]
[EventType "swiss"]
[EventDate "2024.05.18"]

1. e4 {[%clk 01:30:57]} {[%emt 00:00:02]} c6 {[%clk 01:30:57]} {[%emt
00:00:05]} 2. d4 {[%clk 01:31:21]} {[%emt 00:00:06]} d5 {[%clk 01:31:22]}
{[%emt 00:00:05]} 3. Nc3 {[%clk 01:31:34]} {[%emt 00:00:17]} dxe4 {[%clk
01:31:44]} {[%emt 00:00:08]} 4. Nxe4 {[%clk 01:31:58]} {[%emt 00:00:05]} Nd7
{[%clk 01:32:11]} {[%emt 00:00:04]} 5. Nf3 {[%clk 01:30:45]} {[%emt 00:01:42]}
Ngf6 {[%clk 01:28:17]} {[%emt 00:04:25]} 6. Bd3 {[%clk 01:28:48]} {[%emt
00:02:26]} Nxe4 {[%clk 01:28:39]} {[%emt 00:00:08]} 7. Bxe4 {[%clk 01:29:15]}
{[%emt 00:00:03]} Nf6 {[%clk 01:28:59]} {[%emt 00:00:10]} 8. Bd3 {[%clk
01:28:44]} {[%emt 00:01:01]} Bg4 {[%clk 01:28:34]} {[%emt 00:00:56]} 9. Be3
{[%clk 01:26:08]} {[%emt 00:03:05]} e6 {[%clk 01:27:06]} {[%emt 00:01:58]} 10.
h3 {[%clk 01:23:51]} {[%emt 00:02:47]} Bxf3 {[%clk 01:24:30]} {[%emt 00:03:06]}
11. Qxf3 {[%clk 01:22:25]} {[%emt 00:01:56]} Be7 {[%clk 01:24:36]} {[%emt
00:00:24]} 12. O-O-O {[%clk 01:22:01]} {[%emt 00:00:54]} Qc7 {[%clk 01:22:19]}
{[%emt 00:02:46]} 13. Kb1 {[%clk 01:20:54]} {[%emt 00:01:38]} Nd5 {[%clk
01:22:30]} {[%emt 00:00:19]} 14. Rhe1 {[%clk 01:08:02]} {[%emt 00:13:21]} Nxe3
{[%clk 01:18:49]} {[%emt 00:04:11]} 15. fxe3 {[%clk 01:05:02]} {[%emt
00:03:30]} c5 {[%clk 01:18:49]} {[%emt 00:00:31]} 16. Bb5+ {[%clk 00:56:55]}
{[%emt 00:08:38]} Kf8 {[%clk 01:17:46]} {[%emt 00:01:32]} 17. dxc5 {[%clk
00:52:14]} {[%emt 00:05:11]} Rd8 {[%clk 01:17:41]} {[%emt 00:00:35]} 18. Rxd8+
{[%clk 00:50:48]} {[%emt 00:01:56]} Bxd8 {[%clk 01:17:58]} {[%emt 00:00:12]}
19. Rd1 {[%clk 00:47:21]} {[%emt 00:03:56]} Bf6 {[%clk 01:18:05]} {[%emt
00:00:24]} 20. c3 {[%clk 00:40:07]} {[%emt 00:07:46]} Qxc5 {[%clk 01:14:48]}
{[%emt 00:03:45]} 21. Qxb7 {[%clk 00:36:41]} {[%emt 00:03:56]} g6 {[%clk
01:14:58]} {[%emt 00:00:19]} 22. Rf1 {[%clk 00:26:22]} {[%emt 00:10:50]} Kg7
{[%clk 01:14:30]} {[%emt 00:00:59]} 23. Qf3 {[%clk 00:17:43]} {[%emt 00:09:09]}
Bxc3 {[%clk 01:14:26]} {[%emt 00:00:33]} 24. Qxf7+ {[%clk 00:17:45]} {[%emt
00:00:29]} Kh6 {[%clk 01:14:48]} {[%emt 00:00:07]} 25. Qf4+ {[%clk 00:10:50]}
{[%emt 00:07:26]} Kg7 {[%clk 01:14:48]} {[%emt 00:00:29]} 26. Qc4 {[%clk
00:10:00]} {[%emt 00:01:20]} Qxc4 {[%clk 01:14:34]} {[%emt 00:00:45]} 27. Bxc4
{[%clk 00:10:26]} {[%emt 00:00:04]} Bd2 {[%clk 01:14:52]} {[%emt 00:00:11]} 28.
Rf3 {[%clk 00:05:39]} {[%emt 00:05:18]} Rf8 {[%clk 01:14:51]} {[%emt 00:00:31]}
29. Rxf8 {[%clk 00:03:33]} {[%emt 00:02:36]} Kxf8 {[%clk 01:15:15]} {[%emt
00:00:07]} 30. Bxe6 {[%clk 00:03:09]} {[%emt 00:00:53]} Bxe3 {[%clk 01:15:35]}
{[%emt 00:00:10]} 1/2-1/2

[Event "ODJM B 2024"]
[Site "Willingen GER"]
[Date "2024.05.21"]
[Round "4"]
[White "Ye, Philipp"]
[Black "Lampe, Finn"]
[Result "1-0"]
[Termination "normal"]
[Board "1"]
[WhiteElo "1870"]
[BlackElo "1688"]
[WhiteClock "00:35:03"]
[BlackClock "00:16:29"]
[PlyCount "71"]
[WhiteFideId "34646787"]
[BlackFideId "34683437"]
[EventCountry "GER"]
[EventRounds "9"]
[EventType "swiss"]
[EventDate "2024.05.18"]

1. d4 {[%clk 01:30:49]} {[%emt 00:00:11]} d5 {[%clk 01:30:47]} {[%emt
00:00:12]} 2. Nf3 {[%clk 01:30:31]} {[%emt 00:00:48]} e6 {[%clk 01:30:31]}
{[%emt 00:00:47]} 3. c4 {[%clk 01:29:13]} {[%emt 00:01:48]} Nf6 {[%clk
01:29:11]} {[%emt 00:01:50]} 4. g3 {[%clk 01:29:24]} {[%emt 00:00:19]} Nbd7
{[%clk 01:27:04]} {[%emt 00:02:37]} 5. Bg2 {[%clk 01:23:27]} {[%emt 00:06:26]}
dxc4 {[%clk 01:21:09]} {[%emt 00:06:25]} 6. O-O {[%clk 01:23:19]} {[%emt
00:00:38]} Bd6 {[%clk 01:18:17]} {[%emt 00:03:23]} 7. Nbd2 {[%clk 01:21:22]}
{[%emt 00:02:27]} O-O {[%clk 01:13:37]} {[%emt 00:05:10]} 8. Nxc4 {[%clk
01:20:38]} {[%emt 00:01:14]} Qe7 {[%clk 01:03:10]} {[%emt 00:10:57]} 9. Qc2
{[%clk 01:18:29]} {[%emt 00:02:37]} Nb6 {[%clk 00:58:37]} {[%emt 00:05:05]} 10.
Nfe5 {[%clk 01:11:48]} {[%emt 00:07:10]} Nxc4 {[%clk 00:57:31]} {[%emt
00:01:37]} 11. Nxc4 {[%clk 01:11:33]} {[%emt 00:00:45]} Nd7 {[%clk 00:53:33]}
{[%emt 00:04:27]} 12. e4 {[%clk 01:03:43]} {[%emt 00:08:20]} e5 {[%clk
00:53:04]} {[%emt 00:01:01]} 13. Nxd6 {[%clk 01:01:06]} {[%emt 00:03:06]} cxd6
{[%clk 00:51:34]} {[%emt 00:02:00]} 14. Rd1 {[%clk 00:57:53]} {[%emt 00:03:42]}
b6 {[%clk 00:48:54]} {[%emt 00:03:10]} 15. b3 {[%clk 00:56:51]} {[%emt
00:01:33]} Nf6 {[%clk 00:37:49]} {[%emt 00:11:35]} 16. Ba3 {[%clk 00:53:50]}
{[%emt 00:03:31]} exd4 {[%clk 00:33:51]} {[%emt 00:04:28]} 17. Qc6 {[%clk
00:50:22]} {[%emt 00:03:58]} Bb7 {[%clk 00:27:52]} {[%emt 00:06:29]} 18. Qxd6
{[%clk 00:46:46]} {[%emt 00:04:06]} Qxd6 {[%clk 00:28:01]} {[%emt 00:00:21]}
19. Bxd6 {[%emt 00:01:36]} Rfd8 {[%clk 00:27:02]} 20. e5 {[%clk 00:46:58]}
{[%emt 00:00:40]} Bxg2 {[%clk 00:26:44]} {[%emt 00:00:48]} 21. Kxg2 {[%clk
00:47:21]} {[%emt 00:00:07]} Ne4 {[%clk 00:25:14]} {[%emt 00:02:00]} 22. Rxd4
{[%clk 00:47:00]} {[%emt 00:00:51]} Nxd6 {[%clk 00:25:37]} {[%emt 00:00:07]}
23. Rxd6 {[%clk 00:44:09]} {[%emt 00:03:21]} Rxd6 {[%clk 00:20:46]} {[%emt
00:05:21]} 24. exd6 {[%clk 00:44:29]} {[%emt 00:00:07]} Kf8 {[%clk 00:20:15]}
{[%emt 00:01:04]} 25. Rc1 {[%clk 00:43:25]} {[%emt 00:01:34]} Ke8 {[%clk
00:19:55]} {[%emt 00:00:51]} 26. Kf3 {[%clk 00:42:14]} {[%emt 00:01:39]} Rd8
{[%clk 00:17:45]} {[%emt 00:02:40]} 27. Rc6 {[%clk 00:40:28]} {[%emt 00:02:16]}
f6 {[%clk 00:14:36]} {[%emt 00:03:40]} 28. Ke4 {[%clk 00:40:41]} {[%emt
00:00:16]} Kd7 {[%clk 00:14:32]} {[%emt 00:00:35]} 29. Kd5 {[%clk 00:40:51]}
{[%emt 00:00:20]} Re8 {[%clk 00:14:37]} {[%emt 00:00:24]} 30. Rc7+ {[%clk
00:40:58]} {[%emt 00:00:23]} Kd8 {[%clk 00:15:06]} {[%emt 00:00:02]} 31. Rxa7
{[%clk 00:40:39]} {[%emt 00:00:49]} Re2 {[%clk 00:15:27]} {[%emt 00:00:08]} 32.
Kc6 {[%clk 00:38:06]} {[%emt 00:03:04]} Rc2+ {[%clk 00:15:52]} {[%emt
00:00:05]} 33. Kxb6 {[%clk 00:37:53]} {[%emt 00:00:43]} Rxf2 {[%clk 00:16:20]}
{[%emt 00:00:02]} 34. a4 {[%clk 00:35:38]} {[%emt 00:02:45]} Rb2 {[%clk
00:16:25]} {[%emt 00:00:25]} 35. Kc6 {[%clk 00:35:14]} {[%emt 00:00:53]} Kc8
{[%clk 00:16:29]} {[%emt 00:00:24]} 36. Ra8# {[%clk 00:35:03]} {[%emt
00:00:11]} 1-0